000
00424nam a2200145Ia 4500
008
100122s9999 xx 000 0 und d
082
_b
6716
_a
823
100
_a
वरेरकर भा वि
245
_a
चरित्रहीन
260
_b
युगवाणी प्रकाशन
_c
1948
300
_a
478
630
_a
चरित्रहीन
730
_a
चरित्रहीन
942
_c
BOOK
999
_c
399667
_d
399664